| 000 | 00594nam a2200193Ia 4500 | ||
|---|---|---|---|
| 008 | 190412s9999 xx 000 0 und d | ||
| 100 | _aWill Gornall & Ilya A. Strebulaev | ||
| 245 | _aFinancing as a supply chain: The capital structure of banks and borrowers / | ||
| 245 | _cWill Gornall & Ilya A. Strebulaev | ||
| 260 | _belsevier | ||
| 260 | _c2018 | ||
| 300 | _apages 510-530, September 2018 | ||
| 440 |
_aJournal of Financial Economics _v129 (3) |
||
| 650 | _aBanking | ||
| 650 | _aCapital Regulation | ||
| 650 | _aCapital Structure | ||
| 650 | _aFINANCE | ||
| 942 |
_2lcc _cSE |
||
| 999 |
_c361382 _d361382 |
||